| 000 | 00932nam a2200217Ia 4500 | ||
|---|---|---|---|
| 003 | OSt | ||
| 005 | 20210805105256.0 | ||
| 008 | 210310s2003 wauabo gr 000 0 spa d | ||
| 040 |
_aCO-JMCR _cCO-JMCR |
||
| 041 | 0 | _aspa | |
| 082 | 0 | 4 |
_a332.1532 / _bB151r _223 |
| 110 | 2 |
_aThe World Bank _eautor _99685 |
|
| 245 | 1 | 0 |
_aResponsabilidad y transparencia en el Banco Mundial : _bPanel de inspección los primeros 10 años / _cBanco Mundial |
| 260 |
_aWashington : _bBanco Internacional de Reconstrucción y Fomento, _c2003. |
||
| 300 |
_a193 páginas : _bilustraciones, fotografías y mapas a color ; _c28 cm. |
||
| 504 | _aBibliografía : páginas 188-193. | ||
| 505 | _aEl panel de inspección como mecanismo de responsabilidad. -- Casos seleccionados del panel de inspección. | ||
| 650 | 1 | 4 |
_aBanco Mundial. _vPanel de inspección _927372 |
| 650 | 2 | 4 |
_aProyectos de desarrollo económico _vEvaluación _939089 |
| 942 |
_2ddc _cBK |
||
| 999 |
_c12127 _d12127 |
||